00000000nam##2200000za#4500
0019.691374
003CaOODSP
00520210624232735
007cr |||||||||||
008150407|2008||||xxc|||||o    f|0| 0 eng|d
020 |a978-1-100-10479-9
040 |aCaOODSP|beng
043 |an-cn---
0861 |aA52-112/2008E-PDF
1101 |aCanada. |bAgriculture and Agri-Food Canada.
24510|aAtlantic Canada - 'Honeycrisp' : |h[electronic resource]|bmaintaining tree growth and cropping balance
260 |aOttawa - Ontario : |bAgriculture and Agri-Food Canada |cc2008.
300 |a6p.|bfigs. (some coloured), photographs
590 |a09-37|b2009-09-11
69007|aAgri-food products|2gcpds
69007|aApples|2gcpds
69007|aResearch and development|2gcpds
77508|tRégion de l'Atlantique - 'Honeycrisp' : |w(CaOODSP)9.635705
85640|ahttp://publications.gc.ca|qPDF|s537 KB|uhttps://publications.gc.ca/collections/collection_2009/agr/A52-112-2008E.pdf
986 |aAAFC No. 10736E